Perspektivní materiály

Gespeichert in:
Bibliographische Detailangaben
Hauptverfasser: Janovec, Jiří (Verfasst von), Cejp, Jiří (Verfasst von), Steidl, Josef (Verfasst von)
Format: Buch
Sprache:Tschechisch
Veröffentlicht: Praha : ČVUT, 2008
Ausgabe:3. vyd.
Schlagworte:
Tags: Tag hinzufügen
Keine Tags, Fügen Sie das erste Tag hinzu!

MARC

LEADER 00000nam a22000003a 4500
001 stu240559
005 20150716165433.8
008 111215s2008----xr------------------cze-d
020 |a 978-80-01-04167-3 
040 |a STU  |b slo 
041 0 |a cze 
044 |a xr 
080 |a 669 
100 1 |a Janovec, Jiří  |4 aut 
245 1 |a Perspektivní materiály 
250 |a 3. vyd. 
260 |a Praha :  |b ČVUT,  |c 2008 
300 |a 143 s., 128 obr 
650 7 |a materiály  |2 stusub 
700 1 |a Cejp, Jiří  |4 aut 
700 1 |a Steidl, Josef  |4 aut 
996 |b 284J039522  |c J*114298  |l JJST  |s P  |a 0  |w stu240559_0001